000 00706nam a22001937a 4500
005 20100726163021.0
010 _aENG-96832
020 _a9788183333665
_c99.00
035 _aEN-80365
037 _bDBAD/PUB
082 _a620.00420285536
100 _aShrock, Cheryl R
_91582
245 _aAutocad pocket reference /
_cby Cheryl R. Shrock
260 _aNew Delhi
_bBPB publications
_c2010
270 _aB-14 Connaught place
_bNew Delhi
_e110001
300 _ax, various pagings
_c17 cm. (pbk)
942 _2ddc
_cEN
_h620.00420285536
_mSHR
999 _c37809
_d37809